000 01083nam a22002537a 4500
001 BD-DhSAU 7469
003 BD-DhSAU
005 20231129153110.0
008 150422b2006 bg ||||| m||m 00| 0 eng d
040 _aBD-DhSAU
082 _222
_a581.35
_bB6454
100 _aBORNO, HREEDITA AFRIN
_eRegistration No. # 15-06376
245 _aGenetic variability and character association in bc1 f9 population of brassica napus l /
_bMS thesis
260 _aSher-e- Bangla Agricultural University:
_bDepartment of Genetics and Plant Breeding,
_c2022.
300 _aviii, 74p.:
_b30 cm.
500 _aMS thesis of Department of Genetics and Plant Breeding , Faculty of Agriculture, Sher-e-Bangla Agricultural University, Dhaka, Bangladesh
590 _aNamul
650 _acharacter association in bc1
651 _af9 population of brassica napus l
700 _aProf. Dr. Firoz Mahmud
_eSuperviser
700 _aProf. Dr. Md. Sarowar Hossain
_eCo-Superviser
856 _uhttp://archive.saulibrary.edu.bd:8080/xmlui/handle/123456789/5059
942 _2ddc
_cTHESIS
999 _c17363
_d17362